[Event "COL-ch U20"]
[Site "Barranquilla"]
[Date "2022.07.10"]
[Round "8"]
[White "Padilla, Daniel Eduardo"]
[Black "Diaz Avila, Jarett Alexander"]
[Result "1-0"]
[WhiteElo "1708"]
[BlackElo "1298"]
[PlyCount "53"]
[EventDate "2022.07.06"]
[EventType "swiss"]
[EventRounds "9"]
[EventCountry "COL"]
[SourceTitle "EXT 2023"]
[Source "ChessBase"]
[SourceDate "2022.10.05"]
[SourceVersion "1"]
[SourceVersionDate "2022.10.05"]
[SourceQuality "1"]

1. d4 d5 2. c4 e6 3. Nc3 Nf6 4. Nf3 Bd7 5. e3 Nc6 6. Qc2 Be7 7. a3 a5 8. Bd2 0-0 9. cxd5 exd5 10. Bd3 Bg4 11. Ne5 Nxe5 12. dxe5 Nd7 13. Nxd5 Nxe5 14. Nxe7+ Qxe7 15. Bxh7+ Kh8 16. Bc3 f5 17. h3 Bh5 18. g4 Nf3+ 19. Ke2 Nh4 20. Bxf5 Nxf5 21. gxh5 Rf7 22. Rhg1 b5 23. Rg6 Qh4 24. Rag1 Nd4+ 25. Bxd4 Rxf2+ 26. Kd3 Rxc2 27. Rh6+ 1-0

[Event "COL-chT"]
[Site "Medellin"]
[Date "2021.12.09"]
[Round "2.4"]
[White "Suarez Granados, Yarib"]
[Black "Padilla, Daniel Eduardo"]
[Result "1-0"]
[WhiteElo "1600"]
[BlackElo "1700"]
[PlyCount "36"]
[EventDate "2021.12.09"]
[EventType "team-swiss"]
[EventRounds "6"]
[EventCountry "COL"]
[SourceTitle "CBM 205 Extra"]
[Source "ChessBase"]
[SourceDate "2022.01.31"]
[SourceVersion "1"]
[SourceVersionDate "2022.01.31"]
[SourceQuality "1"]
[WhiteTeam "Liga Atlantico Abs"]
[BlackTeam "Atlantico Quintal"]
[WhiteTeamCountry "COL"]
[BlackTeamCountry "COL"]

1. e4 e6 2. d3 d5 3. Nd2 Nf6 4. g3 b6 5. c3 dxe4 6. dxe4 Bb7 7. Qc2 Nc6 8. Ngf3 e5 9. Bg2 a5 10. 0-0 Ba6 11. Qa4 Qd7 12. Re1 Bd3 13. Bh3 Qd6 14. Nc4 Bxc4 15. Qxc4 Rd8 16. Ng5 Nd5 17. exd5 Qxd5 18. Qxd5 Rxd5 1-0

[Event "Antioquia op"]
[Site "Antioquia"]
[Date "2020.03.04"]
[Round "2"]
[White "Padilla, Daniel Eduardo"]
[Black "Sanchez, Sebastian Felipe"]
[Result "0-1"]
[WhiteElo "1778"]
[BlackElo "2422"]
[PlyCount "56"]
[EventDate "2020.03.03"]
[EventType "swiss"]
[EventRounds "9"]
[EventCountry "COL"]
[SourceTitle "CBM 195 Extra"]
[Source "ChessBase"]
[SourceDate "2020.05.31"]
[SourceVersion "1"]
[SourceVersionDate "2020.05.31"]
[SourceQuality "1"]

1. d4 Nf6 2. c4 e6 3. Nc3 Bb4 4. Nf3 0-0 5. Bg5 h6 6. Bxf6 Qxf6 7. e4 d6 8. Be2 Nc6 9. 0-0 Bxc3 10. bxc3 e5 11. Qd3 g5 12. Rad1 Ne7 13. c5 Ng6 14. cxd6 cxd6 15. g3 Bh3 16. Ne1 Bxf1 17. Bxf1 Rac8 18. Bh3 Rc6 19. Nc2 Ne7 20. Rf1 Qg7 21. Kh1 g4 22. Bg2 Rfc8 23. Ne3 Rxc3 24. Qb5 exd4 25. Nd5 Nxd5 26. Qxd5 Qe5 27. Qxb7 Rc1 28. a4 d3 0-1

[Event "COL-ch School U11"]
[Site "Sede"]
[Date "2011.??.??"]
[Round "3.4"]
[White "Padilla, Daniel Eduardo"]
[Black "Torres Cueto, Jesus Marcial"]
[Result "0-1"]
[WhiteElo "1892"]
[BlackElo "1913"]
[PlyCount "96"]
[EventDate "2011.02.23"]
[EventType "tourn"]
[EventRounds "7"]
[EventCountry "COL"]
[SourceTitle "EXT 2024"]
[Source "ChessBase"]
[SourceDate "2023.10.10"]
[SourceVersion "1"]
[SourceVersionDate "2023.10.10"]
[SourceQuality "1"]

1. e4 e6 2. d4 d5 3. Nd2 Nc6 4. c3 e5 5. dxe5 Nxe5 6. Be2 Nf6 7. Ngf3 Bd6 8. Nxe5 Bxe5 9. 0-0 0-0 10. Nf3 Qd6 11. c4 dxe4 12. Nxe5 Qxe5 13. Qc2 Bf5 14. Be3 Rad8 15. Rfd1 a6 16. Rxd8 Rxd8 17. Rd1 Rxd1+ 18. Qxd1 h6 19. Bd4 Qd6 20. c5 Qe7 21. Bc4 Nd7 22. Qh5 Bg6 23. Qd5 c6 24. Qd6 Qxd6 25. cxd6 Kf8 26. Kf1 f6 27. Be6 Be8 28. Ke2 c5 29. Bxd7 cxd4 30. Be6 Bb5+ 31. Kd2 Ke8 32. Bf5 Bc6 33. Be6 Kd8 34. a3 g6 35. h4 f5 36. g3 b6 37. b3 a5 38. Bf7 g5 39. hxg5 hxg5 40. Be6 f4 41. Bf5 Bd5 42. Kc2 e3 43. gxf4 exf2 44. Bh3 g4 45. Bf1 g3 46. f5 g2 47. Bb5 f1Q 48. Bxf1 gxf1Q 0-1

[Event "Calima Elite U08/10"]
[Site "Calima"]
[Date "2009.09.09"]
[Round "5.2"]
[White "Torres Cueto, Jesus Marcial"]
[Black "Padilla, Daniel Eduardo"]
[Result "1-0"]
[WhiteElo "1947"]
[BlackElo "1914"]
[PlyCount "165"]
[EventDate "2009.09.08"]
[EventType "swiss"]
[EventRounds "9"]
[EventCountry "COL"]
[SourceTitle "EXT 2024"]
[Source "ChessBase"]
[SourceDate "2023.10.10"]
[SourceVersion "1"]
[SourceVersionDate "2023.10.10"]
[SourceQuality "1"]

1. e4 e5 2. Nf3 Nc6 3. d4 exd4 4. Nxd4 Nxd4 5. Qxd4 Nf6 6. Nc3 d6 7. Be3 c5 8. Qd2 b6 9. Rd1 Bb7 10. f3 Be7 11. Bb5+ Nd7 12. 0-0 0-0 13. Bxd7 Qxd7 14. Nd5 Bxd5 15. Qxd5 Bf6 16. c3 Rae8 17. Qxd6 Qxd6 18. Rxd6 Rd8 19. Rfd1 Be7 20. Rxd8 Rxd8 21. Rxd8+ Bxd8 22. Bf4 g5 23. Bb8 a5 24. Kf2 Kg7 25. Be5+ f6 26. Bd6 h5 27. g4 h4 28. h3 Kf7 29. Ke3 Ke6 30. Bh2 b5 31. a3 a4 32. Kd3 Ba5 33. c4 b4 34. axb4 Bxb4 35. f4 Be1 36. fxg5 fxg5 37. Bg1 Bb4 38. Bh2 Be1 39. Bc7 Bg3 40. Bd8 Bf4 41. Bb6 Kd6 42. Ba7 Be5 43. Kc2 Bf6 44. Bb8+ Kc6 45. Bh2 Kd7 46. e5 Bg7 47. Kd3 Ke6 48. Ke4 Bf8 49. Bg1 Bg7 50. Bxc5 Bxe5 51. Bd4 Bd6 52. c5 Bc7 53. Bg1 Be5 54. Bd4 Bc7 55. Kd3 Kd5 56. Bf6 Bf4 57. Bd4 Bc7 58. Be3 Be5 59. Kc2 Kc6 60. Bxg5 Kxc5 61. Bxh4 Kd6 62. Be1 Ke6 63. g5 Kf5 64. h4 Kg6 65. b4 a3 66. Kb3 Bb2 67. Bc3 Bc1 68. b5 Kh5 69. Be1 Kg6 70. Bb4 Kh5 71. b6 Be3 72. b7 Bf4 73. Be1 Bd6 74. Bb4 Bxb4 75. b8Q Be7 76. Qh8+ Kg6 77. Qh6+ Kf7 78. g6+ Kf6 79. g7+ Ke5 80. g8Q Ke4 81. Qge6+ Kd4 82. Qf4+ Kd3 83. Qee3# 1-0